Estudios translinguísticos / Manuel Matos Moquete (Registro nro. 6958)

Detalles MARC
000 -LEADER
fixed length control field 00497nam a22001931a 4500
001 - CONTROL NUMBER
control field 6958
003 - CONTROL NUMBER IDENTIFIER
control field OSt
005 - DATE AND TIME OF LATEST TRANSACTION
control field 20260204212110.0
008 - FIXED-LENGTH DATA ELEMENTS--GENERAL INFORMATION
fixed length control field 060919s2005||||dr ||||||b||||||||||spa||
020 ## - NUMERO DE LIBRO INTERNACIONAL NORMALIZADO
International Standard Book Number 9993449342
050 ## - LIBRARY OF CONGRESS CALL NUMBER
Classification number RD 409.2 M428e
100 ## - ASIENTO PRINCIPAL -- NOMBRE PERSONAL
Personal name Matos Moquete, Manuel
245 ## - TÍTULO PROPIAMENTE DICHO: SUBTÍTULO
Title Estudios translinguísticos / Manuel Matos Moquete
264 ## - PRODUCTION, PUBLICATION, DISTRIBUTION, MANUFACTURE, AND COPYRIGHT NOTICE
Place of production, publication, distribution, manufacture Santo Domingo : Nacional
300 ## - PHYSICAL DESCRIPTION
Extensión 256 p
490 ## - MENCIÓN DE SERIE
Series statement Colección premios nacionales
650 ## - ASIENTO SECUNDARIO DE MATERIA -- TERMINO TEMÁTICO
Termino Temático Como Elemento de Entrada 1.LinguísticaÌ
942 ## - ADDED ENTRY ELEMENTS (KOHA)
Source of classification or shelving scheme Dewey Decimal Classification
Koha item type Libros
Existencias
Withdrawn status Lost status Source of classification or shelving scheme Damaged status Not for loan Current library Date acquired Total Checkouts Full call number Barcode Date last seen Price effective from Koha item type
    Dewey Decimal Classification     Biblioteca UTECO 09/09/2019   RD 409.2 M428E 011972 09/09/2019 09/09/2019 Libros
    Dewey Decimal Classification     Biblioteca UTECO 09/09/2019   RD 409.2 M428E 011973 09/09/2019 09/09/2019 Libros
    Dewey Decimal Classification     Biblioteca UTECO 09/09/2019   RD 409.2 M428E 011974 09/09/2019 09/09/2019 Libros
    Dewey Decimal Classification     Biblioteca UTECO 09/09/2019   RD 409.2 M428E 016740 09/09/2019 09/09/2019 Libros
© 2021 Derechos Reservados UTECO - Teléfono: +1 809-585-2291 - Correo electrónico: biblioteca@uteco.edu.do​  
Código postal 43000 ​​
Dirección: Avenida Universitaria No. 100, 
Cotuí, Provincia Sánchez Ramírez, República Dominicana - RNC: 404-00059-6